[Event "Challenge"]
[Site "http://www.queenalice.com/game.php?id=1200748"]
[Date "2013.7.18"]
[Round "-"]
[White "genesis10"]
[Black "charlescesarcouto"]
[Result "1-0"]
[WhiteElo "1343"]
[BlackElo "1284"]

1. e4 e5 2. d4 f6 3. d5 Bd6 4. a3 Ne7 5. Nc3 a6 6. h3 O-O 7. Nf3 b6 8. Be3 Bb7
9. Bc4 b5 10. Ba2 c6 11. dxc6+ Kh8 12. cxb7 f5 13. bxa8=Q f4 14. Qa7 fxe3 15.
Qxe3 Qc7 16. Qg5 Rf7 17. Bxf7 Qd8 18. Nxe5 Bc5 19. Ng6+ Nxg6 20. Qxd8+ Nf8 21.
b4 Ba7 22. Qxf8# 1-0

[Event "Challenge"]
[Site "http://www.queenalice.com/game.php?id=1200749"]
[Date "2013.7.18"]
[Round "-"]
[White "charlescesarcouto"]
[Black "genesis10"]
[Result "0-1"]
[WhiteElo "1278"]
[BlackElo "1414"]

1. e4 e5 2. c3 d6 3. d3 h6 4. h3 a6 5. Nf3 Nc6 6. Be2 Nf6 7. O-O Be6 8. Be3 Be7
9. Nbd2 d5 10. d4 exd4 11. Bxd4 dxe4 12. Ne5 Nxd4 13. cxd4 Qxd4 14. Ng4 Qxb2 15.
Qb1 Qxd2 16. Bd1 Bc4 17. Qxb7 O-O 18. Qxc7 Bxf1 19. Kxf1 Rfe8 20. Ba4 Rac8 21.
Qb6 Rc1+ 22. Rxc1 Qxc1+ 23. Ke2 Qc4+ 24. Ke1 Qxa4 25. Qe3 Bb4+ 26. Ke2 Qxa2+ 27.
Kd1 Rd8+ 28. Kc1 Ba3+ 29. Qxa3 Qxa3+ 30. Kc2 Rc8+ 31. Kd2 Qd3+ 32. Ke1 Rc1# 0-1

[Event "Challenge"]
[Site "http://www.queenalice.com/game.php?id=1205373"]
[Date "2013.8.5"]
[Round "-"]
[White "charlescesarcouto"]
[Black "Scaracioli"]
[Result "0-1"]
[WhiteElo "1265"]
[BlackElo "1697"]

1. e4 e5 2. Nf3 d6 3. Bb5+ c6 4. Ba4 a5 5. Bb3 b5 6. a4 b4 7. d3 Bg4 8. h3 Bxf3
9. gxf3 Be7 10. Kf1 d5 11. Nd2 d4 12. Nc4 f6 13. Nd2 g5 14. Rg1 Nd7 15. Bxg8
Rxg8 16. f4 exf4 17. Qh5+ Kf8 18. Qxh7 Qe8 19. Nf3 Qg6 20. Qxg6 Rxg6 21. h4 Kf7
22. h5 Rh6 23. Rh1 Rah8 24. Kg1 Rxh5 25. Rh2 g4 26. Nxd4 Rxh2 27. Bxf4 Rh1+ 28.
Kg2 Rxa1 29. Nxc6 Rhh1 30. b3 Rag1# 0-1

[Event "Challenge"]
[Site "http://www.queenalice.com/game.php?id=1212947"]
[Date "2013.8.30"]
[Round "-"]
[White "charlescesarcouto"]
[Black "genesis10"]
[Result "0-1"]
[WhiteElo "1257"]
[BlackElo "1597"]

1. e4 e5 2. Nf3 d6 3. d4 exd4 4. Nxd4 h6 5. c4 Nf6 6. Bd3 c5 7. Nf3 Nc6 8. O-O
Be6 9. Re1 Be7 10. a3 O-O 11. h3 a6 12. Nc3 Ne5 13. Be3 Nxd3 14. Qxd3 Nd7 15.
Rad1 Nb6 16. b3 Qd7 17. Na4 Nxa4 18. bxa4 Qxa4 19. Rc1 Rfd8 20. Qd1 Qxa3 21. e5
dxe5 22. Ra1 Rxd1 23. Rxa3 Rdd8 24. Nxe5 Bd6 25. Bf4 Bxe5 26. Bxe5 Bxc4 27. Rg3
f6 28. Bc3 a5 29. Re7 g5 30. Rxb7 a4 31. Bxf6 Rd6 32. Rb4 cxb4 33. Be5 Re6 34.
Rg4 Rxe5 35. Rxc4 b3 36. f4 gxf4 37. Rxf4 b2 38. Rf1 a3 39. Rb1 Rb5 40. g4 a2
41. Rd1 b1=Q 42. Rxb1 axb1=Q+ 43. Kg2 Rb3 44. Kf2 Ra2# 0-1

[Event "Challenge"]
[Site "http://www.queenalice.com/game.php?id=1214385"]
[Date "2013.9.4"]
[Round "-"]
[White "charlescesarcouto"]
[Black "genesis10"]
[Result "0-1"]
[WhiteElo "1263"]
[BlackElo "1521"]

1. e4 e5 2. d4 exd4 3. Qxd4 Nc6 4. Qe3 h6 5. Nf3 d6 6. Bb5 Bd7 7. O-O a6 8. Bxc6
Bxc6 9. Nc3 Nf6 10. h3 Be7 11. Qe2 b5 12. a3 O-O 13. Rd1 Qd7 14. Bd2 Rfe8 15. e5
dxe5 16. Nxe5 Qe6 17. Nxc6 Qxc6 18. f3 Bxa3 19. Ne4 Bc5+ 20. Be3 Nxe4 21. Bxc5
Qxc5+ 22. Kf1 Ng3+ 23. Ke1 Rxe2# 0-1

[Event "Challenge"]
[Site "http://www.queenalice.com/game.php?id=1218581"]
[Date "2013.9.20"]
[Round "-"]
[White "vivoferreira"]
[Black "charlescesarcouto"]
[Result "0-1"]
[WhiteElo "1587"]
[BlackElo "1261"]

1. c4 c6 2. g3 f5 3. Bg2 e6 4. a3 b6 5. Nc3 d5 6. cxd5 cxd5 7. d4 Nf6 8. Bg5 h6
9. Bxf6 gxf6 10. f3 Nc6 11. Nh3 e5 12. dxe5 fxe5 13. Nxd5 Be6 14. f4 e4 15. Nf6+
Qxf6 16. Qd2 Rd8 17. Qe3 Qxb2 18. Rc1 Bxa3 19. Rxc6 Bb4+ 20. Kf1 Bd7 21. Rc1 Bd2
22. Qd3 exd3 23. Rd1 dxe2+ 24. Kxe2 Bb4+ 25. Kf3 Bc6+ 26. Ke3 Bc5+ 0-1

[Event "Challenge"]
[Site "http://www.queenalice.com/game.php?id=1220438"]
[Date "2013.9.27"]
[Round "-"]
[White "charlescesarcouto"]
[Black "Scaracioli"]
[Result "0-1"]
[WhiteElo "1267"]
[BlackElo "1735"]

1. e4 e5 2. Nf3 d6 3. d3 Bg4 4. Be2 a6 5. O-O Nc6 6. h3 Bd7 7. c3 b5 8. d4 f6 9.
d5 Nce7 10. b3 c6 11. c4 cxd5 12. cxd5 g5 13. Nfd2 f5 14. Bh5+ Ng6 15. Nf3 h6
16. Bxg6+ Ke7 17. Nc3 Nf6 18. Ba3 Qb6 19. exf5 b4 20. Na4 Bxa4 21. bxa4 bxa3 22.
Rb1 Qc7 23. h4 Qc4 24. Rc1 Qxa2 25. Rc2 Qxd5 26. Qxd5 Nxd5 27. Rd1 Nf6 28. Rc6
Ne8 29. f6+ Kxf6 30. Bxe8 Rxe8 31. Rxa6 Re6 32. a5 Be7 33. Kf1 g4 34. Nd2 d5 35.
Ra7 Rc8 36. Nb3 d4 37. Rb7 Ra8 38. Rb5 Rea6 39. Rb6+ Rxb6 40. axb6 Rb8 41. Nd2
Rxb6 42. Nc4 Ra6 43. f3 a2 44. fxg4 a1=Q 45. Ke1 Qc3+ 46. Ke2 Qxc4+ 47. Kf3 Ra3+
48. Ke4 d3+ 49. Ke3 Bc5+ 50. Kd2 Bb4+ 51. Ke3 d2+ 52. Kf2 Qf4+ 53. Ke2 Qxg4+ 54.
Kf2 Qxh4+ 55. Kf1 Qf4+ 56. Ke2 Re3# 0-1

[Event "Challenge"]
[Site "http://www.queenalice.com/game.php?id=1220550"]
[Date "2013.9.27"]
[Round "-"]
[White "genesis10"]
[Black "charlescesarcouto"]
[Result "1-0"]
[WhiteElo "1607"]
[BlackElo "1255"]

1. e4 e5 2. d4 d5 3. dxe5 d4 4. Nf3 Nc6 5. h3 a6 6. Bd3 f5 7. exf5 Nge7 8. Nbd2
h6 9. e6 Nb4 10. Be4 b5 11. Bxa8 Nxf5 12. a3 Bxe6 13. Be4 Nd5 14. Nb3 Be7 15. g4
Nd6 16. Bg6+ Bf7 17. Bxf7+ Nxf7 18. Qxd4 Rg8 19. Bd2 c6 20. O-O-O Kf8 21. Ba5
Bf6 22. Bxd8 Bxd8 23. Qc5+ Be7 24. Qxc6 Nd8 25. Qxd5 Bg5+ 26. Nxg5 hxg5 27. Qf5+
Ke8 28. Rhe1+ Ne6 29. Rxe6# 1-0

[Event "Challenge"]
[Site "http://www.queenalice.com/game.php?id=1221778"]
[Date "2013.10.3"]
[Round "-"]
[White "charlescesarcouto"]
[Black "adriana_p"]
[Result "1-0"]
[WhiteElo "1251"]
[BlackElo "1474"]

1. e4 e5 2. Nf3 Qf6 3. d3 h6 4. Be3 Na6 5. c3 Bc5 6. d4 exd4 7. cxd4 Bb4+ 8. Bd2
Bxd2+ 9. Nbxd2 c5 10. e5 Qf5 11. Qb1 Qxb1+ 12. Rxb1 cxd4 13. Nxd4 b6 14. Bd3 Ne7
15. O-O Nb4 16. Bb5 O-O 17. a3 Nbc6 18. N2f3 Nxd4 19. Nxd4 a6 20. Bc4 b5 21. Bb3
Bb7 22. Rbc1 g5 23. Rc7 Ra7 24. Rxd7 Ng6 25. Re1 Nh4 26. f3 Ng6 27. Nf5 Kh7 28.
e6 Nh8 29. e7 Re8 30. Nd6 Raa8 31. Rxb7 1-0

[Event "Challenge"]
[Site "http://www.queenalice.com/game.php?id=1221781"]
[Date "2013.10.3"]
[Round "-"]
[White "charlescesarcouto"]
[Black "adriana_p"]
[Result "0-1"]
[WhiteElo "1276"]
[BlackElo "1449"]

1. e4 e5 2. Nf3 Qf6 3. g4 h6 4. h4 Nc6 5. g5 hxg5 6. d3 g4 7. Ng5 Nd4 8. Bg2 b6
9. Nc3 c6 10. O-O Rxh4 11. f3 gxf3 12. Nxf3 Nxf3+ 13. Rxf3 Qg6 14. Qe1 Rg4 15.
Qe2 Bc5+ 16. Be3 Bxe3+ 17. Rxe3 a5 18. Rh3 d6 19. Kf1 Rf4+ 20. Rf3 Rxf3+ 21.
Qxf3 Nf6 22. Ke1 Be6 23. Bf1 b5 24. Rd1 Bg4 25. Qf2 Bxd1 26. Kxd1 Ng4 27. Qg2
Ne3+ 28. Ke1 Nxg2+ 29. Kf2 Nh4 30. a3 Qf6+ 31. Ke1 O-O-O 32. Bh3+ Kb7 33. b3 Rh8
34. Bf1 Nf3+ 35. Kd1 Rh1 36. Ke2 Nd4+ 37. Kd2 Qxf1 0-1

[Event "Challenge"]
[Site "http://www.queenalice.com/game.php?id=1256980"]
[Date "2014.2.16"]
[Round "-"]
[White "vivoferreira"]
[Black "charlescesarcouto"]
[Result "1-0"]
[WhiteElo "1335"]
[BlackElo "1265"]

1. c4 e5 2. a3 d6 3. Nc3 c6 4. g3 Nf6 5. Bg2 Bd7 6. d3 d5 7. cxd5 cxd5 8. Nxd5
Nxd5 9. Bxd5 Bc6 10. Bxc6+ bxc6 11. Nf3 Nd7 12. b3 Bd6 13. Bb2 f6 14. Qc2 Rc8
15. O-O O-O 16. e4 f5 17. exf5 Rxf5 18. Nh4 Rf7 19. d4 e4 20. Qxe4 Qe7 21. Qd3
Qe6 22. f4 Rb8 23. Rae1 Qd5 24. Nf3 Rxb3 25. Qc2 Kf8 26. Ng5 Rf6 27. Nxh7+ Kf7
28. Ng5+ Kf8 29. Nh7+ Kf7 30. Nxf6 Nxf6 31. Re2 Rb8 32. Rfe1 Re8 33. Rxe8 Nxe8
34. Qe2 Nf6 35. Rc1 Qb5 36. Qc4+ Qd5 37. Qxd5+ cxd5 38. a4 Ne4 39. Rb1 Nd2 40.
Rd1 Nf3+ 41. Kg2 1-0

[Event "Challenge"]
[Site "http://www.queenalice.com/game.php?id=1338762"]
[Date "2015.2.2"]
[Round "-"]
[White "charlescesarcouto"]
[Black "vivoferreira"]
[Result "0-1"]
[WhiteElo "1252"]
[BlackElo "1593"]

1. e4 c5 2. Nc3 e6 3. Nf3 a6 4. d4 Nc6 5. d5 Nb8 6. Be3 Nf6 7. Bg5 Be7 8. h3 O-O
9. Qd2 exd5 10. Bxf6 Bxf6 11. e5 Be7 12. O-O-O d4 13. Nd5 Re8 14. Re1 b6 15. a3
Bb7 16. Nxe7+ Qxe7 17. Bd3 Bxf3 18. gxf3 Nc6 19. f4 b5 20. Be4 Rad8 21. h4 Rc8
22. h5 d6 23. exd6 Qxd6 24. Bf5 Rxe1+ 25. Rxe1 Rd8 26. b3 Ne7 27. Bh3 Nd5 28.
Re4 Nc3 29. Re5 f6 30. Re1 c4 31. Be6+ Kf8 32. bxc4 Qxa3# 0-1

[Event "Challenge"]
[Site "http://www.queenalice.com/game.php?id=1344193"]
[Date "2015.2.26"]
[Round "-"]
[White "vivoferreira"]
[Black "charlescesarcouto"]
[Result "1-0"]
[WhiteElo "1602"]
[BlackElo "1250"]

1. e4 e5 2. Nf3 Nc6 3. Nc3 Nf6 4. d4 Bb4 5. dxe5 Nxe4 6. Bd2 O-O 7. Nxe4 Be7 8.
Bb5 d5 9. Bxc6 bxc6 10. Be3 dxe4 11. Nd2 Rb8 12. b3 Bf5 13. Bxa7 Ra8 14. Be3 Qd5
15. f4 g6 16. Qe2 Bb4 17. O-O Bc3 18. Rad1 Rxa2 19. Nb1 Qb5 20. Qxb5 cxb5 21.
Nxc3 Rxc2 22. Nd5 Kg7 23. Rc1 Rb2 24. b4 Rd8 25. Rfd1 Bg4 26. Rd2 Rb3 27. Rxc7
Be6 28. Nf6 Rxb4 29. Rxd8 Rb1+ 30. Kf2 b4 31. Rg8+ Kh6 32. f5+ g5 33. h4 Bxf5
34. hxg5# 1-0

[Event "Challenge"]
[Site "http://www.queenalice.com/game.php?id=1355179"]
[Date "2015.4.23"]
[Round "-"]
[White "charlescesarcouto"]
[Black "vivoferreira"]
[Result "1-0"]
[WhiteElo "1273"]
[BlackElo "1434"]

1. e4 c5 2. Nc3 e6 3. Nf3 b6 4. d3 Bb7 5. Be2 d6 6. O-O d5 7. d4 c4 8. e5 Nc6 9.
Be3 Bb4 10. Nb5 Nge7 11. c3 a6 12. cxb4 axb5 13. a3 O-O 14. Ng5 Nf5 15. Bf4
Nfxd4 16. Bg4 g6 17. Bh3 Nb3 18. Rb1 Ncd4 19. Re1 Bc8 20. Be3 Bd7 21. Bxd4 Qxg5
22. g3 Nd2 23. Be3 Nxb1 24. Qxb1 Qe7 25. Bxb6 c3 26. bxc3 Rxa3 27. Qb2 Raa8 28.
Bc5 Qd8 29. Bxf8 Qxf8 30. Ra1 Qg7 31. Rxa8+ Be8 32. Rxe8+ 1-0

[Event "Challenge"]
[Site "http://www.queenalice.com/game.php?id=1356318"]
[Date "2015.4.28"]
[Round "-"]
[White "glaubergouveia"]
[Black "charlescesarcouto"]
[Result "0-1"]
[WhiteElo "1462"]
[BlackElo "1248"]

1. e4 e5 2. Bc4 Nf6 3. Nc3 c5 4. Qf3 d6 5. h3 a6 6. g4 Nc6 7. g5 Nd4 8. Qd3 Be6
9. Bxe6 fxe6 10. gxf6 Qxf6 11. b3 b5 12. Bb2 b4 13. Na4 Rb8 14. Qxa6 Qd8 15.
Bxd4 exd4 16. a3 Ra8 17. Qc6+ Ke7 18. O-O-O Qc8 19. Qxc8 Rxc8 20. axb4 cxb4 21.
Nf3 e5 22. Nb6 Rc5 23. Nd5+ Kd8 24. Nxb4 g6 25. Nh2 Be7 26. Nd3 Ra5 27. Kb2 Rf8
28. Ra1 Rxa1 29. Rxa1 Kd7 30. Ra7+ Ke8 31. Nb4 Bg5 32. Nd5 Rxf2 33. Ng4 Rxd2 34.
Rxh7 Re2 35. Rg7 Rxe4 36. Rxg6 Bd2 37. Rxd6 Re1 38. Re6+ Kd7 39. Rh6 Bxh6 40.
Nb6+ Kc6 41. Nc4 Bg7 42. Ngxe5+ Kd5 43. Nf3 Re2 44. Kc1 Bh6+ 45. Kd1 Rf2 46.
Nfd2 Rh2 47. Ne4 Kxe4 48. b4 Rxh3 49. b5 Rc3 50. Nd6+ Kd5 51. Nf7 Be3 52. Nd8
Kc5 0-1

[Event "Let's Play Chess!"]
[Site "http://www.queenalice.com/game.php?id=1486815"]
[Date "2017.7.21"]
[Round "-"]
[White "charlescesarcouto"]
[Black "charles31"]
[Result "0-1"]
[WhiteElo "1295"]
[BlackElo "1702"]

1. e4 e5 2. Nf3 d6 3. h3 a6 4. Be2 Nf6 5. Nc3 Be6 6. O-O h6 7. d3 Qd7 8. Be3 Nc6
9. d4 exd4 10. Bxd4 Be7 11. e5 dxe5 12. Nxe5 Qxd4 13. Nxc6 Qxd1 14. Raxd1 Bd6
15. Nd4 Bd7 16. Bf3 O-O-O 17. Ne4 Nxe4 18. Bxe4 g6 19. c3 Bc5 20. b4 Ba7 21. a4
Bxa4 22. Rd2 Rhe8 23. Re1 c5 24. bxc5 Bxc5 25. Nf3 f5 26. Bd5 Rxe1+ 27. Nxe1 Bc6
28. Be6+ Kc7 29. Rxd8 Kxd8 30. Bf7 Be8 31. Bd5 b5 32. Nd3 Bb6 33. Nb4 a5 34. Na2
Bc5 35. Nc1 Kd7 36. Bf3 Bf7 37. Be2 b4 38. c4 a4 39. Nd3 Kd6 40. Bd1 Bxc4 41.
Nxc5 Kxc5 42. Bxa4 b3 43. Bxb3 Bxb3 44. Kf1 Kd4 45. f3 Ke3 0-1

[Event "Let's Play Chess!"]
[Site "http://www.queenalice.com/game.php?id=1486874"]
[Date "2017.7.21"]
[Round "-"]
[White "charlescesarcouto"]
[Black "NataliaMichels"]
[Result "0-1"]
[WhiteElo "1293"]
[BlackElo "1322"]

1. e4 d6 2. Nc3 Nf6 3. Nf3 g6 4. Be2 Bg7 5. O-O O-O 6. h3 Bd7 7. d3 Nc6 8. Be3
Qe8 9. Qd2 e5 10. Nd5 Nxd5 11. exd5 Ne7 12. c4 Bf5 13. d4 e4 14. Nh4 Bd7 15. f3
exf3 16. Nxf3 Nf5 17. Bf2 Qe7 18. Rac1 Bh6 19. Bh4 Qe8 20. Bg5 Bg7 21. Bd3 Ng3
22. Rfe1 Qc8 23. Bf4 Nh5 24. Qf2 Nxf4 25. Rcd1 Nxd3 26. Rxd3 Bf5 27. Rdd1 b6 28.
c5 dxc5 29. dxc5 bxc5 30. Qxc5 Bxb2 31. Re7 Bf6 32. Rxc7 Qd8 33. Nd4 Bxd4+ 34.
Rxd4 Rc8 35. d6 Be6 36. Qxa7 Ra8 37. Qxa8 Qxa8 38. Rd2 Bxa2 39. d7 Rd8 40. Rc8
Rxc8 41. dxc8=Q+ Qxc8 42. Rxa2 Qc1+ 43. Kf2 Qc5+ 44. Ke2 Qc4+ 0-1

[Event "Challenge"]
[Site "http://www.queenalice.com/game.php?id=1502745"]
[Date "2017.11.9"]
[Round "-"]
[White "NataliaMichels"]
[Black "charlescesarcouto"]
[Result "0-1"]
[WhiteElo "1352"]
[BlackElo "1278"]

1. e4 e5 2. Nf3 Nc6 3. d4 Nxd4 4. Nxd4 exd4 5. Qxd4 f6 6. Be3 Bd6 7. Nc3 Ne7 8.
Be2 Nc6 9. Qd2 Ne5 10. O-O O-O 11. h3 b6 12. Qd5+ Kh8 13. Qxa8 a5 14. Bd4 Nc6
15. Bb5 Nxd4 16. Qd5 Nxc2 17. Rac1 c6 18. Qd2 Nb4 19. Be2 Be5 20. a3 Na6 21.
Bxa6 Bxa6 22. Rfd1 Qe7 23. Na4 Rb8 24. Re1 Qd6 25. Qc2 Qd3 26. Qxd3 Bxd3 27.
Rcd1 Bc2 28. Rxd7 Bxa4 29. Rd8+ Rxd8 30. Rc1 Bxb2 31. Rb1 Rd1+ 32. Rxd1 Bxd1 33.
f3 Bxa3 34. Kf2 Bb4 35. g3 g5 36. f4 h6 37. fxg5 hxg5 38. h4 gxh4 39. gxh4 a4
40. Ke3 a3 41. Kd3 a2 0-1

[Event "Let's Play Chess!"]
[Site "http://www.queenalice.com/game.php?id=1607629"]
[Date "2020.4.15"]
[Round "-"]
[White "charlescesarcouto"]
[Black "Bigchess"]
[Result "0-1"]
[WhiteElo "1297"]
[BlackElo "1715"]

1. e4 e5 2. Nf3 d6 3. h3 Nc6 4. d3 Nf6 5. Bg5 Be7 6. Bxf6 Bxf6 7. c3 Be6 8. Be2
Qe7 9. O-O O-O-O 10. d4 exd4 11. c4 d3 12. Bxd3 Kb8 13. Qd2 Nd4 14. Re1 Nxf3+
0-1

[Event "Let's Play Chess!"]
[Site "http://www.queenalice.com/game.php?id=1607630"]
[Date "2020.4.15"]
[Round "-"]
[White "charlescesarcouto"]
[Black "jesuitaseregueifas"]
[Result "0-1"]
[WhiteElo "1295"]
[BlackElo "1114"]

1. e4 a5 2. d3 Nh6 3. h3 e6 4. Nf3 Ra6 5. b3 Nc6 6. a3 g6 7. Nc3 d5 8. d4 f5 9.
e5 Nf7 10. Bxa6 bxa6 11. O-O Bb7 12. Bg5 Be7 13. Bxe7 Qxe7 14. Re1 h5 15. g3 Ng5
16. Kg2 Nxf3 17. Kxf3 O-O 18. Qd2 Rf7 19. Kg2 Rg7 20. Rab1 g5 21. b4 axb4 22.
axb4 Nxb4 23. Ra1 g4 24. h4 Qd7 25. Qh6 Nxc2 26. Qxh5 Nxd4 27. Red1 Qc6 28. Ra3
Nc2 0-1